Monaco Full Squads (2000-) - Statistics

General Stats
  • This quiz has been taken 242 times
    143 since last reset
  • The average score is 197 of 625
Answer Stats
Year # Pos/Country Answer % Correct
2013-2014 9 FW Radamel Falcao
92%
2016-2017 9 FW Radamel Falcao
92%
2017-2018 9 FW Radamel Falcao
92%
2018-2019 9 FW Radamel Falcao
92%
2015-2016 29 FW Kylian Mbappé
91%
2016-2017 29 FW Kylian Mbappé
91%
2011-2012 40 GK Danijel Subasic
90%
2012-2013 1 GK Danijel Subasic
90%
2013-2014 1 GK Danijel Subasic
90%
2014-2015 1 GK Danijel Subasic
90%
2015-2016 1 GK Danijel Subasic
90%
2016-2017 1 GK Danijel Subasic
90%
2017-2018 1 GK Danijel Subasic
90%
2018-2019 1 GK Danijel Subasic
90%
2018-2019 17 MF Aleksandr Golovin
88%
2019-2020 17 MF Aleksandr Golovin
88%
2020-2021 17 MF Aleksandr Golovin
88%
2021-2022 17 MF Aleksandr Golovin
88%
2022-2023 17 MF Aleksandr Golovin
88%
2023-2024 17 MF Aleksandr Golovin
88%
2024-2025 10 MF Aleksandr Golovin
88%
2014-2015 15 MF Bernardo Silva
87%
2015-2016 10 MF Bernardo Silva
87%
2016-2017 10 MF Bernardo Silva
87%
2016-2017 25 DF Kamil Glik
87%
2017-2018 25 DF Kamil Glik
87%
2018-2019 25 DF Kamil Glik
87%
2019-2020 25 DF Kamil Glik
87%
2018-2019 15 MF Adrien Silva
85%
2019-2020 8 MF Adrien Silva
85%
2013-2014 2 MF Fabinho
79%
2014-2015 2 MF Fabinho
79%
2015-2016 2 MF Fabinho
79%
2016-2017 2 MF Fabinho
79%
2017-2018 2 MF Fabinho
79%
2013-2014 10 MF James Rodríguez
77%
2017-2018 10 FW Stevan Jovetić
76%
2018-2019 10 FW Stevan Jovetić
76%
2019-2020 10 FW Stevan Jovetić
76%
2020-2021 10 FW Stevan Jovetić
76%
2022-2023 18 FW Takumi Minamino
76%
2023-2024 18 FW Takumi Minamino
76%
2024-2025 18 FW Takumi Minamino
76%
2016-2017 23 DF Benjamin Mendy
74%
2010-2011 24 MF Nampalys Mendy
74%
2011-2012 24 MF Nampalys Mendy
74%
2012-2013 23 MF Nampalys Mendy
74%
2013-2014 8 MF João Moutinho
73%
2014-2015 8 MF João Moutinho
73%
2015-2016 8 MF João Moutinho
73%
2016-2017 8 MF João Moutinho
73%
2017-2018 8 MF João Moutinho
73%
2023-2024 5 DF Thilo Kehrer
69%
2024-2025 5 DF Thilo Kehrer
69%
2001-2002 22 MF Djibril Sidibé
68%
2016-2017 19 DF Djibril Sidibé
68%
2017-2018 19 DF Djibril Sidibé
68%
2018-2019 19 DF Djibril Sidibé
68%
2020-2021 29 DF Djibril Sidibé
68%
2021-2022 19 DF Djibril Sidibé
68%
2019-2020 9 FW Wissam Ben Yedder
68%
2020-2021 9 FW Wissam Ben Yedder
68%
2021-2022 10 FW Wissam Ben Yedder
68%
2022-2023 10 FW Wissam Ben Yedder
68%
2023-2024 10 FW Wissam Ben Yedder
68%
2013-2014 15 FW Dimitar Berbatov
67%
2014-2015 9 FW Dimitar Berbatov
67%
2013-2014 27 MF Geoffrey Kondogbia
67%
2014-2015 22 MF Geoffrey Kondogbia
67%
2014-2015 14 MF Tiemoué Bakayoko
67%
2015-2016 14 MF Tiemoué Bakayoko
67%
2016-2017 14 MF Tiemoué Bakayoko
67%
2019-2020 6 MF Tiemoué Bakayoko
67%
2018-2019 44 MF Cesc Fàbregas
64%
2019-2020 4 MF Cesc Fàbregas
64%
2020-2021 4 MF Cesc Fàbregas
64%
2015-2016 27 MF Thomas Lemar
64%
2016-2017 27 MF Thomas Lemar
64%
2017-2018 27 MF Thomas Lemar
64%
2016-2017 5 DF Jemerson
63%
2017-2018 5 DF Jemerson
63%
2018-2019 5 DF Jemerson
63%
2019-2020 5 DF Jemerson
63%
2011-2012 18 FW Valère Germain
63%
2012-2013 18 FW Valère Germain
63%
2013-2014 18 FW Valère Germain
63%
2014-2015 18 FW Valère Germain
63%
2016-2017 18 FW Valère Germain
63%
2023-2024 29 FW Folarin Balogun
62%
2024-2025 9 FW Folarin Balogun
62%
2000-2001 27 DF Julien Rodriguez
62%
2001-2002 27 DF Julien Rodriguez
62%
2002-2003 27 DF Julien Rodriguez
62%
2003-2004 27 DF Julien Rodriguez
62%
2004-2005 27 DF Julien Rodriguez
62%
2012-2013 24 DF Andrea Raggi
60%
2013-2014 24 DF Andrea Raggi
60%
2014-2015 24 DF Andrea Raggi
60%
2015-2016 24 DF Andrea Raggi
60%
2016-2017 24 DF Andrea Raggi
60%
2017-2018 24 DF Andrea Raggi
60%
2018-2019 24 DF Andrea Raggi
60%
2018-2019 2 DF Fodé Ballo-Touré
60%
2019-2020 2 DF Fodé Ballo-Touré
60%
2020-2021 2 DF Fodé Ballo-Touré
60%
2020-2021 31 FW Kevin Volland
60%
2021-2022 31 FW Kevin Volland
60%
2022-2023 31 FW Kevin Volland
60%
2014-2015 12 FW Matheus Carvalho
60%
2013-2014 6 DF Ricardo Carvalho
60%
2014-2015 6 DF Ricardo Carvalho
60%
2015-2016 6 DF Ricardo Carvalho
60%
2014-2015 38 DF Almamy Touré
59%
2015-2016 38 DF Almamy Touré
59%
2016-2017 38 DF Almamy Touré
59%
2017-2018 38 DF Almamy Touré
59%
2011-2012 11 FW Ibrahima Touré
59%
2012-2013 11 FW Ibrahima Touré
59%
2006-2007 15 MF Yaya Touré
59%
2021-2022 16 GK Alexander Nübel
58%
2022-2023 16 GK Alexander Nübel
58%
2007-2008 14 MF Malaury Martin
58%
2017-2018 17 MF Youri Tielemans
58%
2018-2019 8 MF Youri Tielemans
58%
2015-2016 23 MF Adama Traoré
56%
2016-2017 20 MF Adama Traoré
56%
2017-2018 28 MF Adama Traoré
56%
2014-2015 25 MF Alain Traoré
56%
2009-2010 18 DF Djimi Traoré
56%
2010-2011 18 DF Djimi Traoré
56%
2014-2015 19 FW Lacina Traoré
56%
2015-2016 19 FW Lacina Traoré
56%
2024-2025 15 MF Lamine Camara
54%
2022-2023 4 MF Mohamed Camara
54%
2023-2024 4 MF Mohamed Camara
54%
2001-2002 25 FW Souleymane Camara
54%
2002-2003 26 FW Souleymane Camara
54%
2003-2004 26 FW Souleymane Camara
54%
2004-2005 25 FW Souleymane Camara
54%
2022-2023 36 FW Breel Embolo
53%
2023-2024 36 FW Breel Embolo
53%
2024-2025 36 FW Breel Embolo
53%
2023-2024 6 MF Denis Zakaria
51%
2024-2025 6 MF Denis Zakaria
51%
2003-2004 24 FW Emmanuel Adebayor
51%
2004-2005 24 FW Emmanuel Adebayor
51%
2005-2006 24 FW Emmanuel Adebayor
51%
2018-2019 29 FW Gelson Martins
51%
2019-2020 11 FW Gelson Martins
51%
2020-2021 11 FW Gelson Martins
51%
2021-2022 7 FW Gelson Martins
51%
2022-2023 77 FW Gelson Martins
51%
2019-2020 3 DF Guillermo Maripán
51%
2020-2021 3 DF Guillermo Maripán
51%
2021-2022 3 DF Guillermo Maripán
51%
2022-2023 3 DF Guillermo Maripán
51%
2023-2024 3 DF Guillermo Maripán
51%
2019-2020 22 MF Youssouf Fofana
50%
2020-2021 22 MF Youssouf Fofana
50%
2021-2022 22 MF Youssouf Fofana
50%
2022-2023 19 MF Youssouf Fofana
50%
2023-2024 19 MF Youssouf Fofana
50%
2012-2013 17 FW Yannick Carrasco
49%
2013-2014 17 FW Yannick Carrasco
49%
2014-2015 17 FW Yannick Carrasco
49%
2021-2022 2 DF Vanderson
46%
2022-2023 2 DF Vanderson
46%
2023-2024 2 DF Vanderson
46%
2024-2025 2 DF Vanderson
46%
2002-2003 3 DF Patrice Evra
45%
2003-2004 3 DF Patrice Evra
45%
2004-2005 3 DF Patrice Evra
45%
2005-2006 3 DF Patrice Evra
45%
2018-2019 32 DF Benoît Badiashile
44%
2019-2020 32 DF Benoît Badiashile
44%
2020-2021 32 DF Benoît Badiashile
44%
2021-2022 5 DF Benoît Badiashile
44%
2022-2023 5 DF Benoît Badiashile
44%
2008-2009 10 FW Chu-young Park
44%
2009-2010 10 FW Chu-young Park
44%
2010-2011 10 FW Chu-young Park
44%
2017-2018 14 FW Keita Baldé
44%
2019-2020 14 FW Keita Baldé
44%
2000-2001 8 FW Ludovic Giuly
44%
2001-2002 8 FW Ludovic Giuly
44%
2002-2003 8 FW Ludovic Giuly
44%
2003-2004 8 FW Ludovic Giuly
44%
2011-2012 8 FW Ludovic Giuly
44%
2020-2021 8 MF Aurélien Tchouaméni
42%
2021-2022 8 MF Aurélien Tchouaméni
42%
2020-2021 20 DF Axel Disasi
42%
2021-2022 6 DF Axel Disasi
42%
2022-2023 6 DF Axel Disasi
42%
2020-2021 12 DF Caio Henrique
42%
2021-2022 12 DF Caio Henrique
42%
2022-2023 12 DF Caio Henrique
42%
2023-2024 12 DF Caio Henrique
42%
2024-2025 12 DF Caio Henrique
42%
2017-2018 16 GK Diego Benaglio
42%
2018-2019 16 GK Diego Benaglio
42%
2010-2011 11 FW Pierre-Emerick Aubameyang
42%
2017-2018 20 FW Rony Lopes
42%
2018-2019 7 FW Rony Lopes
42%
2003-2004 10 FW Fernando Morientes
41%
2012-2013 15 FW Lucas Ocampos
41%
2013-2014 11 FW Lucas Ocampos
41%
2014-2015 11 FW Lucas Ocampos
41%
2022-2023 23 DF Malang Sarr
41%
2022-2023 21 FW Maghnes Akliouche
40%
2023-2024 21 FW Maghnes Akliouche
40%
2024-2025 11 FW Maghnes Akliouche
40%
2010-2011 6 MF Mahamadou Diarra
40%
2020-2021 1 GK Radoslaw Majecki
40%
2021-2022 1 GK Radoslaw Majecki
40%
2023-2024 1 GK Radoslaw Majecki
40%
2024-2025 1 GK Radoslaw Majecki
40%
2014-2015 34 DF Abdou Diallo
38%
2016-2017 34 DF Abdou Diallo
38%
2022-2023 44 FW Eliesse Ben Seghir
38%
2023-2024 7 FW Eliesse Ben Seghir
38%
2024-2025 7 FW Eliesse Ben Seghir
38%
2024-2025 8 MF Moatasem Al-Musrati
38%
2013-2014 23 FW Anthony Martial
37%
2014-2015 23 FW Anthony Martial
37%
2015-2016 9 FW Anthony Martial
37%
2018-2019 39 DF Benjamin Henrichs
37%
2019-2020 39 DF Benjamin Henrichs
37%
2023-2024 16 GK Philipp Köhn
37%
2024-2025 16 GK Philipp Köhn
37%
2012-2013 3 DF Layvin Kurzawa
36%
2013-2014 3 DF Layvin Kurzawa
36%
2014-2015 3 DF Layvin Kurzawa
36%
2011-2012 32 DF Nabil Dirar
36%
2012-2013 7 DF Nabil Dirar
36%
2013-2014 7 DF Nabil Dirar
36%
2014-2015 7 DF Nabil Dirar
36%
2015-2016 7 DF Nabil Dirar
36%
2016-2017 7 DF Nabil Dirar
36%
2000-2001 4 DF Rafa Márquez
36%
2001-2002 4 DF Rafa Márquez
36%
2002-2003 4 DF Rafa Márquez
36%
2023-2024 99 DF Wilfried Singo
36%
2024-2025 17 DF Wilfried Singo
36%
2013-2014 5 DF Aymen Abdennour
35%
2014-2015 5 DF Aymen Abdennour
35%
2019-2020 20 FW Islam Slimani
35%
2013-2014 28 MF Jérémy Toulalan
35%
2014-2015 28 MF Jérémy Toulalan
35%
2015-2016 28 MF Jérémy Toulalan
35%
2001-2002 11 MF Jérôme Rothen
35%
2002-2003 25 MF Jérôme Rothen
35%
2003-2004 25 MF Jérôme Rothen
35%
2024-2025 14 FW Mika Biereth
35%
2011-2012 28 FW Edgar Salli
33%
2003-2004 14 MF Édouard Cissé
33%
2000-2001 25 DF Éric Abidal
33%
2001-2002 14 DF Éric Abidal
33%
2013-2014 22 DF Éric Abidal
33%
2006-2007 8 MF Gerard López
32%
2020-2021 27 FW Krépin Diatta
32%
2021-2022 27 FW Krépin Diatta
32%
2022-2023 27 FW Krépin Diatta
32%
2023-2024 27 FW Krépin Diatta
32%
2024-2025 27 FW Krépin Diatta
32%
2016-2017 16 GK Morgan De Sanctis
32%
2021-2022 14 DF Ismail Jakobs
31%
2022-2023 14 DF Ismail Jakobs
31%
2023-2024 14 DF Ismail Jakobs
31%
2014-2015 16 GK Maarten Stekelenburg
31%
2000-2001 20 FW Dado Prso
29%
2001-2002 9 FW Dado Prso
29%
2002-2003 9 FW Dado Prso
29%
2003-2004 9 FW Dado Prso
29%
2022-2023 33 MF Edan Diop
29%
2023-2024 37 MF Edan Diop
29%
2001-2002 30 GK Flavio Roma
29%
2002-2003 30 GK Flavio Roma
29%
2003-2004 30 GK Flavio Roma
29%
2004-2005 30 GK Flavio Roma
29%
2005-2006 30 GK Flavio Roma
29%
2006-2007 30 GK Flavio Roma
29%
2007-2008 30 GK Flavio Roma
29%
2008-2009 30 GK Flavio Roma
29%
2013-2014 25 MF Jessy Pi
29%
2013-2014 16 GK Sergio Romero
29%
2020-2021 37 FW Sofiane Diop
29%
2021-2022 37 FW Sofiane Diop
29%
2019-2020 40 GK Benjamin Lecomte
28%
2020-2021 40 GK Benjamin Lecomte
28%
2002-2003 34 MF Jaroslav Plasil
28%
2003-2004 6 MF Jaroslav Plasil
28%
2004-2005 6 MF Jaroslav Plasil
28%
2005-2006 6 MF Jaroslav Plasil
28%
2006-2007 6 MF Jaroslav Plasil
28%
2007-2008 6 MF Jaroslav Plasil
28%
2023-2024 22 DF Mohammed Salisu
28%
2024-2025 22 DF Mohammed Salisu
28%
2018-2019 20 FW Nacer Chadli
27%
2017-2018 7 FW Rachid Ghezzal
27%
2002-2003 19 DF Sébastien Squillaci
27%
2003-2004 19 DF Sébastien Squillaci
27%
2004-2005 19 DF Sébastien Squillaci
27%
2005-2006 19 DF Sébastien Squillaci
27%
2008-2009 1 GK Yohann Thuram
27%
2009-2010 9 FW Eidur Gudjohnsen
26%
2016-2017 6 DF Jorge
26%
2017-2018 6 DF Jorge
26%
2019-2020 28 DF Jorge
26%
2000-2001 18 FW Shabani Nonda
26%
2001-2002 18 FW Shabani Nonda
26%
2002-2003 18 FW Shabani Nonda
26%
2003-2004 18 FW Shabani Nonda
26%
2004-2005 18 FW Shabani Nonda
26%
2004-2005 5 MF Diego Pérez
24%
2005-2006 5 MF Diego Pérez
24%
2006-2007 5 MF Diego Pérez
24%
2007-2008 5 MF Diego Pérez
24%
2008-2009 5 MF Diego Pérez
24%
2009-2010 5 MF Diego Pérez
24%
2012-2013 10 FW Emmanuel Rivière
24%
2013-2014 29 FW Emmanuel Rivière
24%
2015-2016 18 FW Hélder Costa
24%
2015-2016 17 FW Ivan Cavaleiro
24%
2006-2007 9 FW Jan Koller
24%
2007-2008 9 FW Jan Koller
24%
2006-2007 10 FW Jérémy Ménez
24%
2007-2008 10 FW Jérémy Ménez
24%
2018-2019 8 MF Pelé
24%
2020-2021 19 FW Pietro Pellegri
24%
2009-2010 6 MF Eduardo Costa
23%
2019-2020 6 FW Gil Dias
23%
2015-2016 11 FW Guido Carrillo
23%
2016-2017 11 FW Guido Carrillo
23%
2017-2018 11 FW Guido Carrillo
23%
2024-2025 4 DF Jordan Teze
23%
2021-2022 9 FW Myron Boadu
23%
2022-2023 9 FW Myron Boadu
23%
2006-2007 1 GK Stéphane Ruffier
23%
2007-2008 16 GK Stéphane Ruffier
23%
2008-2009 16 GK Stéphane Ruffier
23%
2009-2010 16 GK Stéphane Ruffier
23%
2010-2011 16 GK Stéphane Ruffier
23%
2020-2021 30 GK Vito Mannone
23%
2021-2022 30 GK Vito Mannone
23%
2019-2020 12 DF Ruben Aguilar
22%
2020-2021 26 DF Ruben Aguilar
22%
2021-2022 26 DF Ruben Aguilar
22%
2022-2023 26 DF Ruben Aguilar
22%
2015-2016 22 FW Stephan El Shaarawy
22%
2004-2005 9 FW Javier Saviola
21%
2005-2006 3 DF Manuel dos Santos
21%
2006-2007 3 DF Manuel dos Santos
21%
2015-2016 20 MF Mario Pasalic
21%
2017-2018 30 GK Seydou Sy
21%
2015-2016 9 FW Vágner Love
21%
2005-2006 36 FW Christian Vieri
19%
2001-2002 32 DF Gaël Givet
18%
2002-2003 32 DF Gaël Givet
18%
2003-2004 32 DF Gaël Givet
18%
2004-2005 32 DF Gaël Givet
18%
2005-2006 32 DF Gaël Givet
18%
2006-2007 32 DF Gaël Givet
18%
2012-2013 14 MF Jakob Poulsen
18%
2000-2001 3 DF John Arne Riise
18%
2004-2005 8 FW Mohamed Kallon
18%
2006-2007 18 FW Mohamed Kallon
18%
2008-2009 3 DF Nicolas N'Koulou
18%
2009-2010 3 DF Nicolas N'Koulou
18%
2010-2011 3 DF Nicolas N'Koulou
18%
2013-2014 21 DF Elderson
17%
2014-2015 21 DF Elderson
17%
2015-2016 21 DF Elderson
17%
2004-2005 13 DF Maicon
17%
2005-2006 13 DF Maicon
17%
2020-2021 36 MF Eliot Matazo
15%
2021-2022 36 MF Eliot Matazo
15%
2022-2023 15 MF Eliot Matazo
15%
2024-2025 8 MF Eliot Matazo
15%
2015-2016 4 DF Fábio Coentrão
15%
2016-2017 26 MF Gabriel Boschilia
15%
2019-2020 12 MF Gabriel Boschilia
15%
2011-2012 5 MF Gary Coulibaly
15%
2012-2013 5 MF Gary Coulibaly
15%
2023-2024 17 MF Mamadou Coulibaly
15%
2003-2004 33 DF Marco Ramos
15%
2012-2013 19 MF Mounir Obbadi
15%
2013-2014 19 MF Mounir Obbadi
15%
2007-2008 11 MF Nenê
15%
2009-2010 11 MF Nenê
15%
2014-2015 13 DF Wallace
15%
2015-2016 13 DF Wallace
15%
2003-2004 4 DF Hugo Ibarra
14%
2000-2001 10 MF Marcelo Gallardo
14%
2001-2002 10 MF Marcelo Gallardo
14%
2002-2003 10 MF Marcelo Gallardo
14%
2000-2001 11 FW Marco Simone
14%
2002-2003 14 FW Marco Simone
14%
2020-2021 13 FW Willem Geubbels
14%
2024-2025 13 DF Christian Mawissa
13%
2024-2025 21 FW George Ilenikhena
13%
2019-2020 7 FW Henry Onyekuru
13%
2004-2005 10 FW Javier Chevantón
13%
2005-2006 9 FW Javier Chevantón
13%
2006-2007 23 MF Jerko Leko
13%
2007-2008 23 MF Jerko Leko
13%
2008-2009 23 MF Jerko Leko
13%
2016-2017 35 MF Kévin N'Doram
13%
2017-2018 35 MF Kévin N'Doram
13%
2001-2002 7 MF Lucas Bernardi
13%
2002-2003 7 MF Lucas Bernardi
13%
2003-2004 7 MF Lucas Bernardi
13%
2004-2005 7 MF Lucas Bernardi
13%
2005-2006 7 MF Lucas Bernardi
13%
2006-2007 7 MF Lucas Bernardi
13%
2007-2008 7 MF Lucas Bernardi
13%
2017-2018 13 FW Moussa Sylla
13%
2018-2019 34 FW Moussa Sylla
13%
2021-2022 5 DF Strahinja Pavlović
13%
2012-2013 31 DF Andreas Wolf
12%
2020-2021 34 DF Chrislain Matsima
12%
2021-2022 34 DF Chrislain Matsima
12%
2022-2023 34 DF Chrislain Matsima
12%
2023-2024 34 DF Chrislain Matsima
12%
2000-2001 2 DF Christian Panucci
12%
2001-2002 2 DF Christian Panucci
12%
2000-2001 7 MF Costinha
12%
2021-2022 11 MF Jean Lucas
12%
2022-2023 11 MF Jean Lucas
12%
2013-2014 20 DF Nicolas Isimat-Mirin
12%
2008-2009 8 DF Patrick Müller
12%
2023-2024 88 MF Soungoutou Magassa
12%
2024-2025 88 MF Soungoutou Magassa
12%
2007-2008 12 DF Adriano
10%
2008-2009 12 DF Adriano
10%
2009-2010 12 DF Adriano
10%
2010-2011 12 DF Adriano
10%
2011-2012 12 DF Adriano
10%
2012-2013 12 DF Adriano
10%
2008-2009 18 MF Alejandro Alonso
10%
2009-2010 8 MF Alejandro Alonso
10%
2018-2019 3 DF Antonio Barreca
10%
2008-2009 14 DF Dario Simic
10%
2004-2005 4 DF François Modesto
10%
2005-2006 4 DF François Modesto
10%
2006-2007 4 DF François Modesto
10%
2007-2008 4 DF François Modesto
10%
2008-2009 4 DF François Modesto
10%
2009-2010 4 DF François Modesto
10%
2011-2012 36 DF Georgios Tzavellas
10%
2012-2013 22 DF Georgios Tzavellas
10%
2019-2020 11 FW Jean-Kévin Augustin
10%
2006-2007 10 FW Juan Pablo Pino
10%
2007-2008 10 FW Juan Pablo Pino
10%
2008-2009 20 FW Juan Pablo Pino
10%
2009-2010 20 FW Juan Pablo Pino
10%
2013-2014 32 DF Marcel Tisserand
10%
2005-2006 20 FW Marco Di Vaio
10%
2006-2007 20 FW Marco Di Vaio
10%
2018-2019 15 MF Youssef Aït Bennasser
10%
2017-2018 15 FW Adama Diakhaby
9%
2002-2003 15 MF Akis Zikos
9%
2003-2004 15 MF Akis Zikos
9%
2004-2005 15 MF Akis Zikos
9%
2005-2006 15 MF Akis Zikos
9%
2019-2020 18 DF Arthur Zagré
9%
2006-2007 22 DF Bolívar
9%
2007-2008 22 DF Bolívar
9%
2005-2006 21 MF Camel Meriem
9%
2006-2007 21 MF Camel Meriem
9%
2007-2008 21 MF Camel Meriem
9%
2008-2009 21 MF Camel Meriem
9%
2016-2017 28 FW Corentin Jean
9%
2011-2012 2 DF Dennis Appiah
9%
2012-2013 2 DF Dennis Appiah
9%
2010-2011 9 FW Dieumerci Mbokani
9%
2011-2012 21 DF Gary Kagelmacher
9%
2012-2013 21 DF Gary Kagelmacher
9%
2018-2019 4 MF Jean-Eudes Aholou
9%
2019-2020 37 DF Jonathan Panzo
9%
2010-2011 5 DF Laurent Bonnart
9%
2024-2025 41 FW Lucas Michal
9%
2011-2012 9 FW Marama Vahirua
9%
2001-2002 20 FW Oliver Bierhoff
9%
2015-2016 16 GK Paul Nardi
9%
2000-2001 5 DF Philippe Christanval
9%
2000-2001 21 MF Pontus Farnerud
9%
2001-2002 21 MF Pontus Farnerud
9%
2002-2003 21 MF Pontus Farnerud
9%
2004-2005 21 MF Pontus Farnerud
9%
2009-2010 28 DF Sébastien Puygrenier
9%
2010-2011 28 DF Sébastien Puygrenier
9%
2005-2006 34 FW Serge Gakpé
9%
2006-2007 17 FW Serge Gakpé
9%
2007-2008 17 FW Serge Gakpé
9%
2008-2009 17 FW Serge Gakpé
9%
2010-2011 17 FW Serge Gakpé
9%
2017-2018 4 DF Terence Kongolo
9%
2008-2009 22 FW Alexandre Licata
8%
2018-2019 11 FW Carlos Vinícius
8%
2008-2009 2 DF Cédric Mongongu
8%
2009-2010 2 DF Cédric Mongongu
8%
2010-2011 4 DF Cédric Mongongu
8%
2010-2011 21 FW Daniel Niculae
8%
2020-2021 35 MF Florentino
8%
2006-2007 19 FW Gonzalo Vargas
8%
2016-2017 13 FW Irvin Cardona
8%
2008-2009 19 MF Jean-Jacques Gosso
8%
2009-2010 7 MF Jean-Jacques Gosso
8%
2010-2011 19 MF Jean-Jacques Gosso
8%
2023-2024 20 DF Kassoum Ouattara
8%
2024-2025 20 DF Kassoum Ouattara
8%
2006-2007 25 DF Leandro Cufré
8%
2007-2008 25 DF Leandro Cufré
8%
2008-2009 25 DF Leandro Cufré
8%
2009-2010 31 FW Moussa Maazou
8%
2007-2008 6 MF Nikola Pokrivac
8%
2008-2009 6 MF Nikola Pokrivac
8%
2010-2011 13 DF Petter Hansson
8%
2011-2012 13 DF Petter Hansson
8%
2018-2019 11 FW Samuel Grandsir
8%
2007-2008 8 MF Sergio Almirón
8%
2006-2007 2 DF Sylvain Monsoreau
8%
2007-2008 2 DF Sylvain Monsoreau
8%
2005-2006 14 FW Toifilou Maoulida
8%
2010-2011 11 FW Benjamin Moukandjo
6%
2012-2013 8 MF Delvin N'Dinga
6%
2004-2005 28 GK Fabien Audard
6%
2006-2007 9 FW Frédéric Piquionne
6%
2007-2008 18 FW Frédéric Piquionne
6%
2010-2011 9 FW Georgie Welcome
6%
2005-2006 1 GK Guillaume Warmuz
6%
2008-2009 32 DF Igor Lolo
6%
2009-2010 32 DF Igor Lolo
6%
2010-2011 32 DF Igor Lolo
6%
2007-2008 3 DF Jérémy Berthod
6%
2003-2004 34 MF Jimmy Juan
6%
2004-2005 17 MF Jimmy Juan
6%
2017-2018 21 DF Julien Serrano
6%
2009-2010 25 MF Lukman Haruna
6%
2010-2011 25 MF Lukman Haruna
6%
2006-2007 4 DF Massamba Sambou
6%
2007-2008 26 DF Massamba Sambou
6%
2005-2006 28 MF Nicolas Maurice-Belay
6%
2005-2006 17 MF Olivier Kapo
6%
2005-2006 11 MF Olivier Sorlin
6%
2000-2001 12 MF Ousmane Dabo
6%
2002-2003 37 FW Sébastien Carole
6%
2008-2009 15 MF Thomas Mangani
6%
2009-2010 15 MF Thomas Mangani
6%
2010-2011 15 MF Thomas Mangani
6%
2002-2003 29 GK Tony Sylva
6%
2003-2004 29 GK Tony Sylva
6%
2007-2008 13 DF Vincent Muratori
6%
2008-2009 13 DF Vincent Muratori
6%
2009-2010 13 DF Vincent Muratori
6%
2010-2011 23 DF Vincent Muratori
6%
2011-2012 3 DF Vincent Muratori
6%
2021-2022 19 FW Wilson Isidor
6%
2008-2009 26 FW Yohan Mollo
6%
2009-2010 26 FW Yohan Mollo
6%
2004-2005 16 GK André Biancarelli
5%
2012-2013 4 DF Carl Medjani
5%
2010-2011 7 FW Chris Malonga
5%
2000-2001 19 DF David di Tommaso
5%
2004-2005 22 FW David Gigliotti
5%
2005-2006 22 FW David Gigliotti
5%
2007-2008 28 FW Djamel Bakar
5%
2009-2010 28 FW Djamel Bakar
5%
2001-2002 5 DF Éric Cubilier
5%
2002-2003 5 DF Éric Cubilier
5%
2005-2006 18 DF Éric Cubilier
5%
2011-2012 26 DF Eric Marester
5%
2012-2013 26 DF Eric Marester
5%
2000-2001 15 DF Franck Jurietti
5%
2002-2003 2 DF Franck Jurietti
5%
2010-2011 22 FW Frédéric Bulot
5%
2008-2009 27 FW Frédéric Nimani
5%
2009-2010 27 FW Frédéric Nimani
5%
2002-2003 35 DF Hassan El Fakiri
5%
2003-2004 35 DF Hassan El Fakiri
5%
2004-2005 35 DF Hassan El Fakiri
5%
2003-2004 39 DF Jim Ablancourt
5%
2011-2012 30 GK Johann Carrasso
5%
2001-2002 24 DF José-Karl Pierre-Fanfan
5%
2002-2003 24 DF José-Karl Pierre-Fanfan
5%
2003-2004 12 DF Joseph Dayo Oshadogan
5%
2004-2005 12 DF Joseph Dayo Oshadogan
5%
2000-2001 6 DF Martin Djetou
5%
2009-2010 22 MF Mathieu Coutadeur
5%
2010-2011 20 MF Mathieu Coutadeur
5%
2003-2004 21 MF Nicolas Hislen
5%
2004-2005 31 DF Olivier Veigneau
5%
2005-2006 31 DF Olivier Veigneau
5%
2000-2001 2 DF Pablo Contreras
5%
2000-2001 17 DF Philippe Léonard
5%
2002-2003 17 DF Philippe Léonard
5%
2011-2012 4 DF Rabiu Afolabi
5%
2006-2007 11 FW Sébastien Grax
5%
2011-2012 6 MF Stéphane Dumont
5%
2012-2013 6 MF Stéphane Dumont
5%
2000-2001 1 GK Stéphane Porato
5%
2001-2002 1 GK Stéphane Porato
5%
2009-2010 24 FW Yannick Sagbo
5%
2001-2002 33 MF Alex Nyarko
4%
2000-2001 23 DF Bruno Irles
4%
2001-2002 17 DF Cyril Domoraud
4%
2001-2002 15 DF Cyril Rool
4%
2012-2013 20 FW Emir Bajrami
4%
2011-2012 14 DF Florian Pinteaux
4%
2000-2001 35 FW Florin Răducioiu
4%
2000-2001 30 GK Jean-Marie Aubry
4%
2012-2013 16 GK Martin Sourzac
4%
2002-2003 20 FW Mazhar Abdelrahman
4%
2001-2002 31 MF Moussa Saïb
4%
2000-2001 22 MF Nicolas Bonnal
4%
2011-2012 10 MF Sambou Yatabaré
4%
2011-2012 17 FW Terence Makengo
4%
2011-2012 29 MF Tristan Dingomé
4%
2012-2013 29 MF Tristan Dingomé
4%
2011-2012 25 MF Valentin Eysseric
4%
2001-2002 6 MF Vladimir Jugović
4%
2011-2012 20 MF Vladimir Koman
4%
2001-2002 28 FW Wagneau Eloi
4%
2000-2001 9 FW Xavier Gravelaine
4%
2003-2004 38 MF Laurent Mohellebi
3%
No matching quizzes found
Score Distribution
Percent of People with Each Score
Percentile by Number Answered
Your Score History
You have not taken this quiz since the last reset